Tạo và định dạng văn bản trong Word 2003

Uloženo v:
Podrobná bibliografie
Hlavní autor: Hồ Tấn Mẫn
Médium: Kniha
Jazyk:Undetermined
Vydáno: Tp. HCM Thống Kê 2003
Témata:
Tagy: Přidat tag
Žádné tagy, Buďte první, kdo otaguje tento záznam!
Thư viện lưu trữ: Trung tâm Học liệu Trường Đại học Cần Thơ
LEADER 00515nam a2200181Ia 4500
001 CTU_58266
008 210402s9999 xx 000 0 und d
082 |a 005.3 
082 |b M121 
100 |a Hồ Tấn Mẫn 
245 0 |a Tạo và định dạng văn bản trong Word 2003 
245 0 |c Hồ Tấn Mẫn 
260 |a Tp. HCM 
260 |b Thống Kê 
260 |c 2003 
650 |a word ( computer programs ) 
904 |i Minh 
980 |a Trung tâm Học liệu Trường Đại học Cần Thơ